[Event "Subang Jaya op 12th"]
[Site "Subang Jaya"]
[Date "2024.01.28"]
[Round "8"]
[White "Mohd Afif, Abdurrahman"]
[Black "Chong, Bok Siong"]
[Result "1/2-1/2"]
[WhiteElo "1311"]
[BlackElo "1455"]
[PlyCount "30"]
[EventDate "2024.01.27"]
[EventType "swiss"]
[EventRounds "8"]
[EventCountry "MAS"]
[SourceTitle "CB06_2024"]
[SourceDate "2024.02.07"]
[SourceVersion "1"]
[SourceVersionDate "2024.02.07"]
[SourceQuality "1"]

1. d4 d5 2. c4 dxc4 3. e4 Nf6 4. Nc3 e5 5. d5 a6 6. Bxc4 b5 7. Bd3 Bb7 8. Nf3 Nbd7 9. 0-0 Bc5 10. h3 0-0 11. a3 Nh5 12. b4 Bb6 13. Re1 Qf6 14. Bg5 Qg6 15. Qd2 h6 1/2-1/2

[Event "Kuala Lumpur UM KPT op"]
[Site "Kuala Lumpur"]
[Date "2016.12.18"]
[Round "7"]
[White "Khoo, Ming Hin Melwin"]
[Black "Chong, Bok Siong"]
[Result "0-1"]
[WhiteElo "1316"]
[BlackElo "1302"]
[PlyCount "70"]
[EventDate "2016.12.16"]
[EventType "swiss"]
[EventRounds "9"]
[EventCountry "MAS"]
[SourceTitle "CBM 176 Extra"]
[Source "ChessBase"]
[SourceDate "2017.03.02"]
[SourceVersion "1"]
[SourceVersionDate "2017.03.02"]
[SourceQuality "1"]

1. d4 Nf6 2. Nf3 d5 3. e3 Bf5 4. Be2 e6 5. 0-0 c5 6. dxc5 Bxc5 7. Bb5+ Nbd7 8. Ne5 0-0 9. Nxd7 Nxd7 10. Nd2 Ne5 11. b3 Qc7 12. g3 Bh3 13. Re1 a6 14. Qh5 Bg4 15. Qg5 h6 16. Qh4 Be7 17. Qxg4 Nxg4 18. Be2 Nf6 19. Bb2 Qxc2 20. Bxf6 Bxf6 21. Nf3 Bxa1 22. Nd4 Bxd4 23. exd4 Qd2 24. Kf1 Rfc8 25. Rd1 Rc1 26. Rxc1 Qxc1+ 27. Kg2 Qd2 28. Bf3 Qxd4 29. Be2 Rc8 30. Kh3 g5 31. a4 f5 32. Kg2 Rc2 33. Kg1 Rxe2 34. Kh1 Qxf2 35. h4 Qg2# 0-1

[Event "Kuala Lumpur UM KPT op"]
[Site "Kuala Lumpur"]
[Date "2016.12.16"]
[Round "2"]
[White "Chong, Bok Siong"]
[Black "Bakri, Alia Anin Azwa"]
[Result "0-1"]
[WhiteElo "1302"]
[BlackElo "1944"]
[PlyCount "88"]
[EventDate "2016.12.16"]
[EventType "swiss"]
[EventRounds "9"]
[EventCountry "MAS"]
[SourceTitle "CBM 176 Extra"]
[Source "ChessBase"]
[SourceDate "2017.03.02"]
[SourceVersion "1"]
[SourceVersionDate "2017.03.02"]
[SourceQuality "1"]

1. e4 e6 2. c4 d5 3. exd5 exd5 4. d4 Nc6 5. Nf3 Nf6 6. Nc3 Bg4 7. Be2 dxc4 8. d5 Nb4 9. Bxc4 Bxf3 10. gxf3 Qe7+ 11. Be3 0-0-0 12. a3 Nbxd5 13. Nxd5 Nxd5 14. Qb3 Nxe3 15. fxe3 Qg5 16. Qc3 Bc5 17. Kf2 Rde8 18. Rhe1 Bxe3+ 19. Rxe3 Rxe3 20. Qxe3 Qh4+ 21. Kg2 Qxc4 22. Rc1 Qd4 23. Qb3 Qd2+ 24. Kg3 Qxc1 25. Qxf7 Qg5+ 26. Kh3 a6 27. Qe6+ Kb8 28. Qe4 Re8 29. Qg4 Qh6+ 30. Qh4 Qe3 31. Qe4 Qxe4 32. fxe4 Re6 33. Kg4 Rxe4+ 34. Kg5 Re2 35. h4 Rxb2 36. h5 Rf2 37. a4 c5 38. a5 c4 39. h6 gxh6+ 40. Kxh6 c3 41. Kxh7 c2 42. Kg6 c1R 43. Kg5 Rg1+ 44. Kh5 Rh2# 0-1